000 00500nam a22001697a 4500
999 _c8389
_d8389
008 201117b ||||| |||| 00| 0 eng d
040 _aBMS College of Architecture
100 _aShivaraj, S
245 _aVrindavan dairy Stay
300 _aNA
500 _a1BM15AT097
502 _8B,Arch
_NBMS College of Architecture, Visvesvaraya Technological University (VTU)
_aProject report
_d2019
650 _aDary
700 _aYogeshwari K
_eGuide
700 _aLakshmy Poorna
_eGuide
942 _2ddc
_cTHE